Gujarat Legislative Assembly Rules (Record no. 491033)

000 -LEADER
fixed length control field 00360cam a22001097a 4500
008 - FIXED-LENGTH DATA ELEMENTS--GENERAL INFORMATION
fixed length control field 180718b1970 xxu||||| |||| 00| 0 eng d
082 ## - DEWEY DECIMAL CLASSIFICATION NUMBER
Classification number G5x5441 G949r/1970
245 ## - TITLE STATEMENT
Title Gujarat Legislative Assembly Rules
Statement of responsibility, etc. by Legislature Secretariat, Gujarat
260 ## - PUBLICATION, DISTRIBUTION, ETC.
Place of publication, distribution, etc. Ahmedabad
Name of publisher, distributor, etc. Legislature Secretariat
Date of publication, distribution, etc. 1970
300 ## - PHYSICAL DESCRIPTION
Extent 194+p
700 ## - ADDED ENTRY--PERSONAL NAME
Personal name Gujarat. Legislature Secretariat
Holdings
Withdrawn status Lost status Damaged status Not for loan Permanent Location Current Location Date acquired Full call number Barcode Date last seen Price effective from Koha item type
        Indian Institute of Public Administration Indian Institute of Public Administration 2018-08-04 G5x5441 G949r/1970 GG15754 2018-08-04 2018-08-04 GG

Powered by Koha